000 00793pab a2200157 454500
008 180718b2001 xxu||||| |||| 00| 0 eng d
100 _aGill, S.S.
245 _aThe favourite whipping boy
260 _c2001
300 _ap.90-92.
362 _aJul
520 _aThis paper suggests that even though the bureaucracy had become the favourite whipping boy, (especially of the media) the fact was that most of the ills ascribed to it could actually be traced to the depravity of the political class. Moreover while the media highlighted all the negative aspects of bureaucracy, positive interventions and success stories - like the successful conduct of the Kumbh Mela were never brought to public focus. - Reproduced.
650 _aBureaucracy
773 _aAdministrator
909 _a52076
999 _c52076
_d52076